All Empires of Israel by Picture - Statistics

General Stats
  • This quiz has been taken 43 times
  • The average score is 14 of 22
Answer Stats
Picture Hint Answer % Correct
1517 – 1917 Ottoman Empire
97%
1948 – present State of Israel
97%
6 BCE – 395 CE Roman Empire
92%
539 – 332 BCE Achaemenid Empire
89%
395 – 638 Byzantine Empire
86%
586 – 539 BCE Neo-Babylonian Empire
84%
722 – 605 BCE Assyrian Empire
78%
332 – 323 BCE Macedonian Empire
73%
661 – 750 Umayyad Caliphate
70%
1250 – 1517 Mamluk Sultanate
62%
1099 – 1187 Crusader States
59%
1000 – 930 BCE United Kingdom of Israel
54%
638 – 661 Rashidun Caliphate
51%
198 – 140 BCE Seleucid Empire
51%
930 – 586 BCE Kingdom of Judah
49%
750 – 969 Abbasid Caliphate
46%
323 – 198 BCE Ptolemaic Kingdom
46%
969 – 1099 Fatimid Caliphate
41%
1917 – 1948 British Mandate
38%
1187 – 1250 Ayyubid Dynasty
32%
140 – 37 BCE Hasmonean Kingdom
27%
37 – 6 BCE Herodian Kingdom
27%
No matching quizzes found
Score Distribution
Percent of People with Each Score
Percentile by Number Answered
Your Score History
You have not taken this quiz